Diagnóstico y tratamiento en ortopedia
Guardat en:
| Autor principal: | |
|---|---|
| Format: | Llibre |
| Idioma: | espanyol |
| Publicat: |
Ciudad de México
Manual Moderno
2007
|
| Edició: | 4a. ed |
| Matèries: | |
| Etiquetes: |
Afegir etiqueta
Sense etiquetes, Sigues el primer a etiquetar aquest registre!
|
MARC
| LEADER | 00000nam a2200000 a 4500 | ||
|---|---|---|---|
| 001 | UCI9044 | ||
| 003 | CL-VaPUC | ||
| 008 | 081024e20070000MX |||||||||||||||||spa|d | ||
| 020 | |a 9707292717 | ||
| 082 | 0 | 4 | |a 616.7 |b SKI |2 21 |
| 100 | 0 | |a Skinner, Harry B |e author |9 532703 | |
| 245 | 1 | 0 | |a Diagnóstico y tratamiento en ortopedia |
| 250 | |a 4a. ed | ||
| 300 | |a 749 p | ||
| 942 | |c BK | ||
| 945 | |d 20081024 00:00:00 |a rbrito | ||
| 260 | |a Ciudad de México |b Manual Moderno |c 2007 | ||
| 650 | 0 | |a Ortopedia |9 341017 | |
| 650 | 7 | |a CIRUGIA ORTOPEDICA |2 CL-VaPUC |9 532704 | |
| 650 | 0 | |a Músculos |9 269552 | |
| 650 | 7 | |a TRAUMATISMOS |2 CL-VaPUC |9 451086 | |
| 650 | 7 | |a LESIONES |2 CL-VaPUC |9 341963 | |
| 650 | 0 | |a Columna vertebral |9 307410 | |
| 650 | 7 | |a ONCOLOGIA |2 CL-VaPUC |9 315941 | |
| 650 | 7 | |a INFECCIONES ORTOPEDICAS |2 CL-VaPUC |9 532705 | |
| 650 | 0 | |a Amputaciones |9 532706 | |
| 583 | |a last modification |c 20081024 00:00:00 |k Rodrigo Vera | ||
| 999 | |c 331736 |d 331734 | ||
| 952 | |0 0 |1 0 |4 0 |6 616_700000000000000_SKI_2007 |7 0 |8 A |9 418783 |a BIBCUR |b BIBCUR |d 2019-11-22 |i 4492773 |o 616.7 SKI 2007 |p 4492773 |r 2025-04-22 |w 2019-11-22 |y BK |k KIN | ||
| 952 | |0 0 |1 0 |4 0 |6 616_700000000000000_SKI_2007 |7 0 |8 A |9 418784 |a BIBCUR |b BIBCUR |d 2019-11-22 |i 4492781 |o 616.7 SKI 2007 |p 4492781 |r 2025-04-22 |w 2019-11-22 |y BK |k KIN | ||
| 952 | |0 0 |1 0 |4 0 |6 616_700000000000000_SKI_2007 |7 0 |8 A |9 418785 |a BIBCUR |b BIBCUR |d 2019-11-22 |i 4696662 |o 616.7 SKI 2007 |p 4696662 |r 2025-04-22 |w 2019-11-22 |y BK |k KIN | ||
| 952 | |0 0 |1 0 |4 0 |6 616_700000000000000_SKI_2007 |7 0 |8 A |9 418786 |a BIBCUR |b BIBCUR |d 2019-11-22 |i 4696670 |l 1 |o 616.7 SKI 2007 |p 4696670 |r 2025-04-22 |s 2022-05-24 |w 2019-11-22 |y BK |k KIN | ||